000 00317nam a2200133Ia 4500
008 191201s2005 xx 000 0 und d
082 _a621.3
_bJOM
100 _aJOHN PAUL, P
245 0 _aMicro Electronics
260 _aN.Delhi
_bGalgotia Pub. Pvt
_c2005
300 _a349
650 _aB.Tech(ECE)
942 _2ddc
_cBK
999 _c1896
_d1896